[Event "Moscow Winter on Kolomenskoe"]
[Site "Moscow"]
[Date "2007.02.18"]
[Round "11"]
[White "Vinogradov, Sergey Al"]
[Black "Denisov, Andrey"]
[Result "1/2-1/2"]
[WhiteElo "2138"]
[BlackElo "2196"]
[PlyCount "44"]
[EventDate "2007.02.08"]
[EventType "tourn"]
[EventRounds "13"]
[EventCountry "RUS"]
[SourceTitle "EXT 2019"]
[Source "ChessBase"]
[SourceDate "2018.10.10"]
[SourceVersion "1"]
[SourceVersionDate "2018.10.10"]
[SourceQuality "1"]

1. c4 g6 2. Nc3 Bg7 3. d4 Nf6 4. e4 d6 5. Be2 0-0 6. Nf3 e5 7. dxe5 dxe5 8. Qxd8 Rxd8 9. Nd5 Nxd5 10. cxd5 c6 11. Bc4 b5 12. Bb3 Bb7 13. Bg5 Rc8 14. Rd1 cxd5 15. Bxd5 Bxd5 16. Rxd5 f6 17. Be3 a6 18. Ke2 Nc6 19. Rd7 Rd8 20. Rxd8+ Rxd8 21. Rd1 Rxd1 22. Kxd1 Kf7 1/2-1/2

[Event "Moscow Winter on Kolomenskoe"]
[Site "Moscow"]
[Date "2007.02.11"]
[Round "4"]
[White "Vinogradov, Sergey Al"]
[Black "Kartachov, Vladislav"]
[Result "1/2-1/2"]
[WhiteElo "2138"]
[BlackElo "2190"]
[PlyCount "36"]
[EventDate "2007.02.08"]
[EventType "tourn"]
[EventRounds "13"]
[EventCountry "RUS"]
[SourceTitle "EXT 2019"]
[Source "ChessBase"]
[SourceDate "2018.10.10"]
[SourceVersion "1"]
[SourceVersionDate "2018.10.10"]
[SourceQuality "1"]

1. e4 e5 2. Nf3 Nc6 3. Bb5 a6 4. Ba4 Nf6 5. 0-0 Be7 6. Re1 b5 7. Bb3 0-0 8. a4 b4 9. d4 d6 10. dxe5 Nxe5 11. Nxe5 dxe5 12. Qf3 Be6 13. Nd2 Bc5 14. h3 Nd7 15. Qe2 Qe7 16. Bc4 a5 17. Nb3 Bb6 18. Bxe6 Qxe6 1/2-1/2